000 00891nam a22002177a 4500
003 OSt
005 20251020030449.0
008 251020b |||||||| |||| 00| 0 eng d
020 _a978-621-415-058-8
040 _aDWCL-Main Lib
_cOC
082 _aFil. 428.0071 D212a 2016
100 _aDapat, Jose Rizal O.
245 _aApplied English for academic and professional services/
_cJose Rizal O. Dapat
260 _aManila, Philippines :
_bJFS Publishing Services,
_cc2016.
300 _av, 189 pages :
_b illustrations ;
_c26 cm.
504 _aIncludes bibliographical references.
650 _a1. English language--Study and teaching (Higher)--Handbooks, manuals, etc.
650 _a2. Academic language--Study and teaching (Higher)--Handbooks, manuals, etc.
650 _a3. Academic writing--Study and teaching (Higher)--Handbooks, manuals, etc.
942 _2ddc
_cBK - FIL
_kFil
_n0
999 _c4926
_d4926